<?xml version="1.0" encoding="UTF-8"?><?xml-stylesheet type="text/xsl" href="static/style.xsl"?><OAI-PMH xmlns="http://www.openarchives.org/OAI/2.0/" xmlns:xsi="http://www.w3.org/2001/XMLSchema-instance" xsi:schemaLocation="http://www.openarchives.org/OAI/2.0/ http://www.openarchives.org/OAI/2.0/OAI-PMH.xsd"><responseDate>2026-06-03T14:36:24Z</responseDate><request verb="GetRecord" identifier="oai:riuma.uma.es:10630/8457" metadataPrefix="marc">https://riuma.uma.es/rest/oai/request</request><GetRecord><record><header><identifier>oai:riuma.uma.es:10630/8457</identifier><datestamp>2026-02-03T12:55:36Z</datestamp><setSpec>com_10630_4717</setSpec><setSpec>com_10630_3139</setSpec><setSpec>com_10630_10</setSpec><setSpec>col_10630_8376</setSpec></header><metadata><record xmlns="http://www.loc.gov/MARC21/slim" xmlns:dcterms="http://purl.org/dc/terms/" xmlns:doc="http://www.lyncode.com/xoai" xmlns:xsi="http://www.w3.org/2001/XMLSchema-instance" xsi:schemaLocation="http://www.loc.gov/MARC21/slim http://www.loc.gov/standards/marcxml/schema/MARC21slim.xsd">
   <leader>00925njm 22002777a 4500</leader>
   <datafield ind2=" " ind1=" " tag="042">
      <subfield code="a">dc</subfield>
   </datafield>
   <datafield ind2=" " ind1=" " tag="720">
      <subfield code="a">Navarro Ruiz, Cristina</subfield>
      <subfield code="e">author</subfield>
   </datafield>
   <datafield ind2=" " ind1=" " tag="720">
      <subfield code="a">Humanes, M.Luisa</subfield>
      <subfield code="e">author</subfield>
   </datafield>
   <datafield ind2=" " ind1=" " tag="260">
      <subfield code="c">2014-10-30</subfield>
   </datafield>
   <datafield ind2=" " ind1=" " tag="520">
      <subfield code="a">El liderazgo en relaciones públicas y gestión de comunicación desempeña un papel&#xd;
determinante en el éxito de las organizaciones, especialmente de aquellas que actúan dentro&#xd;
de un contexto económico global, dinámico y altamente competitivo (ej. Meng, 2013; Berger&#xd;
&amp; Meng, 2010; Berger &amp; Reber, 2006; Berger, Reber &amp; Heyman, 2007; Werder &amp;&#xd;
Holzhausen, 2009). Sin embargo, pocas investigaciones han abordado un tema que también&#xd;
influye directamente en el desarrollo profesional de los comunicadores y en el futuro de la&#xd;
disciplina (Beger &amp; Reber, 2006). Este artículo analiza los principales desafíos que afrontan&#xd;
los profesionales de las relaciones públicas en España, los factores culturales y estructurales&#xd;
que favorecen u obstaculizan la función de comunicación y los rasgos personales más&#xd;
importantes para desempeñar un liderazgo excelente, tanto en la actualidad como en el&#xd;
futuro. Utilizando metodología cualitativa, a través de entrevistas semiestructuradas&#xd;
realizadas a líderes de relaciones públicas españoles, se profundiza en el controvertido y&#xd;
complejo concepto de liderazgo. Esta investigación forma parte de un proyecto internacional&#xd;
desarrollado en 23 países, promovido por el Plank Center for Leadership in Public Relations&#xd;
de la Universidad de Alabama y financiado por IBM y Heyman Associates en Estados Unidos.</subfield>
   </datafield>
   <datafield ind1="8" ind2=" " tag="024">
      <subfield code="a">2174-3681</subfield>
   </datafield>
   <datafield ind1="8" ind2=" " tag="024">
      <subfield code="a">http://hdl.handle.net/10630/8457</subfield>
   </datafield>
   <datafield tag="653" ind2=" " ind1=" ">
      <subfield code="a">Relaciones Públicas</subfield>
   </datafield>
   <datafield tag="653" ind2=" " ind1=" ">
      <subfield code="a">Medios de comunicación social</subfield>
   </datafield>
   <datafield ind2="0" ind1="0" tag="245">
      <subfield code="a">Liderazgo estratégico en el sector de las relaciones públicas en España. Características, retos, factores culturales y estructurales</subfield>
   </datafield>
</record>
</metadata></record></GetRecord></OAI-PMH>